000 00739nam a2200265 4500
001 132932
003 ES-MaACL
005 20250728100643.0
007 t|
008 070214s1981 sp r ||||1| spa d
020 _a84-85269-23-3
080 _a133
080 _a141.332
100 1 _aRoso de Luna, Mario,
_d1872-1931
_999794
245 1 3 _aEl libro que mata a la muerte o Libro de los jinas /
_cMario Roso de Luna.
246 2 _aLibro de los jinas
260 _aMadrid :
_bEyras,
_c[1981]
300 _a494 p. ;
_c21 cm.
490 1 _aHespérides
650 7 _aTeosofía
_2embne
_917478
650 4 _aJinns.
_9170805
830 1 _aHespérides
_9186914
852 _aES-MaACL
_jL-11127
999 _c132932
_d132932